Anatomía descriptiva /
Guardado en:
| Autor Principal: | |
|---|---|
| Otros Autores: | |
| Formato: | Libro |
| Publicado: |
Argentina :
Stella,
1971
|
| Materias: | |
| Etiquetas: |
Agregar Etiqueta
Sin Etiquetas, Sea el primero en etiquetar este registro!
|
| LEADER | 01011nam a22002295a 4500 | ||
|---|---|---|---|
| 001 | CEM.cems003260 | ||
| 005 | 19000101000000.0 | ||
| 008 | 130507s1971##################000#0#####d | ||
| 003 | CEMS | ||
| 082 | 0 | 4 | |a 611 |
| 100 | 1 | |a Hoffmann, José | |
| 245 | 1 | 0 | |a Anatomía descriptiva / |c José Hoffmann |
| 260 | |a Argentina : |b Stella, |c 1971 | ||
| 300 | |a 254 p. | ||
| 505 | 0 | |a Organizaci¢n microsc¢pica y macrosc¢pica del cuerpo: célula; organizaci¢n de la célula para formar unidades funcionales.-Obtenci¢n de materiales. -Tegumento cut neo del cuerpo.-Plan arquitect¢nico del cuerpo.-Sostén y movimiento.-Mantenimiento del metabolismo.-Sist. respiratorio.-Aparato digestivo.-Metabolismo.-Aparato urinario.-Reproducci¢n y desarrollo. -Sist. nervioso.-Sist. endocrino. | |
| 653 | |a Anatomia | ||
| 653 | |a Biologia 3er. año | ||
| 653 | |a Calor animal | ||
| 653 | |a Fisiologia-digestion | ||
| 653 | |a Fisiologia-respiracion | ||
| 700 | 1 | |a Combes, Luis | |
| 859 | |a CEMS |b BIB. CEMS - 11 de abril |h 611 |i H716 |p 8186.80 |t Ej.1 | ||
